000 00686nam a2200265Ia 4500
005 20260121172025.0
008 008 260114s9999 xx 000 0 eng d
020 _a9783030575243
037 _aEBOOK
040 _aCRL
040 _beng
040 _cCRL
041 _2eng
041 _aeng
084 _qCRL
100 _aVicenç Torra, Yasuo Narukawa, Jordi Nin, NĂºria Agell
_91083337
245 0 _aModeling Decisions for Artificial Intelligence
260 _bSpringer
260 _bSpringer
260 _c2020
856 _uhttps://link.springer.com/openurl?genre=book&isbn=978-3-030-57524-3
942 _cEBOOK
999 _c1649071
_d1649071